000 01143cam a22003612 4500
999 _c8051
_d8051
001 8051
003 BD - JhCC
005 20180217193049.0
008 800711s1980 cau b 000 0 eng
020 _a0803913389
020 _a0803913397 (pbk.)
035 _a9BD - JhCC08051
040 _aDLC
_cDLC
_dIUD
_dUKM
_dNLM
_dEQO
_dBD - JhCC
041 _aeng
050 0 _aBF481
_b.C46
060 0 _aW1
_bSA126M v.2 1980
_a[WM 30.5 C521s 1980]
082 0 _a361.3/023
_219
_bCHE 1980
100 1 _aCherniss, Cary.
245 1 0 _aStaff burnout :
_bjob stress in the human services /
_cCary Cherniss.
260 _aBeverly Hills, Calif. :
_bSage Publications,
_cc1980.
300 _a199 p. ;
_c23 cm.
490 1 _aSage studies in community mental health ;
_vv. 2
504 _aBibliography: p. 193-197.
650 0 _aBurn out (Psychology)
650 0 _aMental health personnel.
650 0 _aSocial workers.
650 2 _aCommunity Mental Health Services
_xmanpower
650 2 _aJob Satisfaction
650 2 _aStress, Psychological
830 0 _aSage studies in community mental health ;
_vv. 2
942 _2ddc
_cBK